| 000 | 00654nam a2200181 a 4500 | ||
|---|---|---|---|
| 001 | 000039462 | ||
| 005 | 20201002031648.0 | ||
| 008 | 100301s2007 dr 000 0 spa d | ||
| 040 |
_aDO-SdBNP _bspa _cBNPHU |
||
| 082 |
_axxx _bL681o |
||
| 110 | 1 |
_aRepublica Dominicana. _bSecretaría de Estado de Hacienda _bDirección General de Presupuesto (DIGEPRES) _965660 |
|
| 240 | 1 | 3 | _a[Leyes etc.] |
| 245 | 1 | 0 |
_aLey orgánica de presupuesto para el sector público no. 423-06 / : _b17 de noviembre 2006. |
| 260 |
_aSanto Domingo : _bDIGEPRES, _c2007. |
||
| 300 |
_a23 p. ; _c21 cm. |
||
| 710 | 2 |
_aOficina Nacional de Presupuesto ( ONAPRES) _936281 |
|
| 049 | _aBNPD | ||
| 999 |
_c38952 _d38952 |
||